| 000 | 00391nam a2200145Ia 4500 | ||
|---|---|---|---|
| 008 | 230312s9999||||xx |||||||||||||| ||und|| | ||
| 082 |
_a005.74 _bKIB |
||
| 100 | _aKibbble .R | ||
| 245 | 0 | _aBSc and Diploma in Computing and Information Systems | |
| 260 |
_bGoldsmith _aLondon _c2004 |
||
| 300 | _a82 | ||
| 546 | _aEng. | ||
| 650 |
_aComputer _vIntroduction, TCP/ IP internals |
||
| 942 | _cBK | ||
| 999 |
_c3001 _d3001 |
||